[Event "PRVA LIGA CS 2020"]
[Site "Bajina basta"]
[Date "2020.10.13"]
[Round "5.1"]
[White "Kostic, Vladimir G"]
[Black "Ivic, Velimir"]
[Result "0-1"]
[WhiteElo "2289"]
[BlackElo "2548"]
[PlyCount "62"]
[EventDate "2020.10.10"]
[WhiteTeam "KRUSIK - Valjevo"]
[BlackTeam "POZEGA - Pozega"]

1. e4 c5 2. Nf3 Nc6 3. Nc3 e5 4. Bc4 Be7 5. d3 d6 6. O-O Nf6 7. Ng5 O-O 8. f4
Bg4 9. Qe1 exf4 10. Bxf4 Nd4 11. Qd2 h6 12. Nf3 Nxf3+ 13. gxf3 Bh3 14. Rfc1 Kh7
15. Kh1 Nh5 16. Be3 f5 17. Bd5 Qd7 18. Rg1 Rae8 19. Ne2 fxe4 20. Bxe4+ Bf5 21.
Ng3 Nxg3+ 22. Rxg3 d5 23. Rag1 g5 24. Bxg5 Bxg5 25. Rxg5 dxe4 26. Rg7+ Qxg7 27.
Rxg7+ Kxg7 28. dxe4 Bh3 29. Qc3+ Kh7 30. f4 Bd7 31. Qxc5 Bc6 0-1

[Event "PRVA LIGA CS 2020"]
[Site "Bajina basta"]
[Date "2020.10.13"]
[Round "5.1"]
[White "Perunovic, Miodrag"]
[Black "Sredojevic, Ivan"]
[Result "1-0"]
[WhiteElo "2440"]
[BlackElo "2258"]
[PlyCount "113"]
[EventDate "2020.10.10"]
[WhiteTeam "POZEGA - Pozega"]
[BlackTeam "KRUSIK - Valjevo"]

1. e4 d6 2. d4 Nf6 3. Nc3 e5 4. Nf3 Nbd7 5. Bc4 Be7 6. a4 O-O 7. O-O a5 8. Re1
c6 9. Ba2 Qb6 10. h3 exd4 11. Nxd4 Nc5 12. Bf4 Be6 13. Nxe6 fxe6 14. e5 Nd5 15.
Nxd5 exd5 16. exd6 Rxf4 17. dxe7 Re8 18. Qh5 g6 19. Qe5 Rxf2 20. Kh1 Rf7 21.
Qd6 Kg7 22. Bxd5 Rf6 23. Be6 Nxe6 24. Rxe6 Qxb2 25. Rae1 Rxe6 26. Rxe6 Qc1+ 27.
Kh2 Qg5 28. Re4 Qd5 29. Qxd5 cxd5 30. Re5 Kf6 31. Rxd5 Rxe7 32. Rxa5 Rc7 33.
Rb5 Rxc2 34. Rxb7 h5 35. Rb6+ Kf5 36. Rb5+ Kf6 37. a5 Rc3 38. h4 Ra3 39. Rg5
Kf7 40. Kg1 Re3 41. Kf2 Re4 42. g3 Kf6 43. Rb5 Ra4 44. Ke2 Ra2+ 45. Kd1 Ra3 46.
Rg5 Rc3 47. Kd2 Rc4 48. Kd3 Rc1 49. Kd4 Rc2 50. Rc5 Rg2 51. a6 Ra2 52. Rc6+ Kf5
53. Kc5 g5 54. Kb6 gxh4 55. gxh4 Rb2+ 56. Kc7 Kg4 57. Rc4+ 1-0

[Event "PRVA LIGA CS 2020"]
[Site "Bajina basta"]
[Date "2020.10.13"]
[Round "5.1"]
[White "Zivkovic, Sava"]
[Black "Pavlovic, Dejan S"]
[Result "0-1"]
[WhiteElo "2297"]
[BlackElo "2390"]
[PlyCount "78"]
[EventDate "2020.10.10"]
[WhiteTeam "KRUSIK - Valjevo"]
[BlackTeam "POZEGA - Pozega"]

1. e4 d6 2. d4 g6 3. Nc3 Bg7 4. Be3 Nd7 5. g3 Ngf6 6. Bg2 O-O 7. h3 c5 8. Nge2
cxd4 9. Bxd4 Ne5 10. f4 Nc6 11. Be3 Bd7 12. O-O Rc8 13. g4 Na5 14. Bd4 b5 15.
a3 Nc4 16. b3 Nb6 17. Qd2 Qc7 18. f5 Ne8 19. Bxg7 Kxg7 20. Kh1 Qc5 21. Rf3 Nf6
22. Nf4 Qe5 23. Re1 h6 24. Nfd5 g5 25. Qe3 Rfe8 26. Re2 Rc5 27. Nxb6 axb6 28.
Na2 Qa1+ 29. Nc1 Rec8 30. Rff2 Rc3 31. Qd2 Rxc2 32. Qxc2 Rxc2 33. Rxc2 Qxa3 34.
Rfe2 Qa1 35. Bf3 b4 36. Kg2 Bb5 37. Re1 Qe5 38. Rd2 d5 39. Nd3 Qc3 0-1

[Event "PRVA LIGA CS 2020"]
[Site "Bajina basta"]
[Date "2020.10.13"]
[Round "5.1"]
[White "Radovanovic, Dusan"]
[Black "Ivanovic, Dragutin"]
[Result "1-0"]
[WhiteElo "2326"]
[BlackElo "2307"]
[PlyCount "117"]
[EventDate "2020.10.10"]
[WhiteTeam "POZEGA - Pozega"]
[BlackTeam "KRUSIK - Valjevo"]

1. e4 c5 2. Nf3 Nc6 3. d4 cxd4 4. Nxd4 Qc7 5. Nc3 e6 6. f4 a6 7. Nxc6 Qxc6 8.
Bd3 b5 9. Qe2 Bb7 10. Bd2 Nf6 11. a3 b4 12. axb4 Bxb4 13. e5 Nd5 14. Nxd5 Bxd2+
15. Qxd2 Qxd5 16. O-O O-O 17. Rf2 f6 18. Ra5 Qc6 19. Qe3 fxe5 20. Rxe5 Rf6 21.
Be4 Qc7 22. Rc5 Qb8 23. Bd3 Qd6 24. Qe5 Qb6 25. Qd4 Qd8 26. Rh5 h6 27. f5 Qe8
28. Rh3 e5 29. Bc4+ Kh8 30. Qd3 d5 31. Bxd5 e4 32. Qd4 Bxd5 33. Qxd5 Rd8 34.
Qc5 Rd1+ 35. Rf1 Rxf1+ 36. Kxf1 Qd7 37. Ke2 Rxf5 38. Qc4 Rf6 39. Rg3 Qf5 40.
Kd2 Qf4+ 41. Kc3 Qe5+ 42. Kd2 Rf2+ 43. Ke1 Qf4 44. Qd4 Rf1+ 45. Ke2 Qf6 46.
Qxf6 Rxf6 47. Rc3 Rg6 48. g3 Rb6 49. b3 Rf6 50. Rc4 e3 51. Kxe3 Rf1 52. Ra4 Rc1
53. Kd3 Rh1 54. Rxa6 Rxh2 55. Re6 Kg8 56. b4 Kf7 57. Re3 g5 58. b5 Rh1 59. c4
1-0

[Event "PRVA LIGA CS 2020"]
[Site "Bajina basta"]
[Date "2020.10.13"]
[Round "5.1"]
[White "Zivanovic, Bojan"]
[Black "Radivojevic, Ivan"]
[Result "1/2-1/2"]
[WhiteElo "2159"]
[BlackElo "2365"]
[PlyCount "253"]
[EventDate "2020.10.10"]
[WhiteTeam "KRUSIK - Valjevo"]
[BlackTeam "POZEGA - Pozega"]

1. e4 c6 2. d4 d5 3. Nc3 dxe4 4. Nxe4 Nf6 5. Nxf6+ gxf6 6. c3 Bf5 7. Nf3 e6 8.
Bf4 Bd6 9. Bg3 Qc7 10. Bd3 Bxd3 11. Qxd3 Nd7 12. O-O-O O-O-O 13. Rhe1 Nf8 14.
Bxd6 Qxd6 15. g3 Ng6 16. Kb1 Kb8 17. Qe3 Qd5 18. Rd2 f5 19. Ng5 Rd7 20. h4 f4
21. Qe4 h6 22. Qxd5 cxd5 23. Nf3 fxg3 24. fxg3 Rg8 25. h5 Nf8 26. Ne5 Re7 27.
Rf2 f5 28. g4 fxg4 29. Nxg4 Nd7 30. Nxh6 Rh8 31. Rf7 Rxf7 32. Nxf7 Rxh5 33.
Rxe6 Rh1+ 34. Kc2 Rh2+ 35. Kb3 Kc7 36. Ne5 Nxe5 37. Rxe5 Kc6 38. Re6+ Kc7 39.
Rg6 a6 40. a4 a5 41. Ka3 Rh3 42. Rg7+ Kc6 43. Rg8 Kc7 44. Ra8 b6 45. Ra7+ Kc6
46. Rg7 Rf3 47. Rg6+ Kc7 48. Rg2 Kc6 49. Ka2 Rd3 50. Kb3 Rd1 51. Rg6+ Kc7 52.
Rg3 Ra1 53. Rg2 Rd1 54. Kc2 Ra1 55. Rg7+ Kc6 56. Rg6+ Kc7 57. Kb3 Rc1 58. Rg4
Kc6 59. Ka3 Ra1+ 60. Kb3 Rc1 61. Rg2 Rd1 62. Rc2 Kd6 63. Ka2 Kc6 64. b3 Rd3 65.
Ka3 Rd1 66. b4 axb4+ 67. Kxb4 Rb1+ 68. Ka3 Rg1 69. Rb2 Rc1 70. Kb4 Ra1 71. Kb3
Kc7 72. Ra2 Rb1+ 73. Kc2 Rh1 74. Rb2 Kc6 75. Rb4 Rh2+ 76. Kb3 Rd2 77. Rb5 Rd1
78. Kc2 Ra1 79. Rb4 Ra2+ 80. Kd3 Ra3 81. Kc2 Ra2+ 82. Kb3 Rd2 83. Ka3 Rd1 84.
Rb3 Ra1+ 85. Kb4 Ra2 86. Rb1 Rc2 87. Rg1 Rb2+ 88. Ka3 Rd2 89. Rg6+ Kc7 90. Rg4
Rd1 91. Kb3 Rb1+ 92. Ka2 Rd1 93. Kb2 Kc6 94. Rg6+ Kc7 95. a5 bxa5 96. Ra6 Rh1
97. Rxa5 Kc6 98. Rc5+ Kd6 99. Kb3 Ra1 100. Rc8 Rb1+ 101. Kc2 Rh1 102. Rg8 Kc6
103. Rg5 Rf1 104. Kb3 Rb1+ 105. Ka4 Ra1+ 106. Kb4 Rb1+ 107. Ka3 Ra1+ 108. Kb3
Rb1+ 109. Kc2 Rf1 110. Rg8 Rh1 111. Kd2 Rh2+ 112. Ke3 Rh3+ 113. Kf4 Kd7 114.
Rg3 Rh4+ 115. Kg5 Rh1 116. Kf5 Rh5+ 117. Kf6 Kd6 118. Re3 Rh6+ 119. Kg7 Rh1
120. Rf3 Rg1+ 121. Kf7 Rh1 122. Ke8 Rh8+ 123. Rf8 Rh3 124. Rf6+ Kc7 125. Rf5
Kc6 126. Rf6+ Kc7 127. Rf5 1/2-1/2

[Event "PRVA LIGA CS 2020"]
[Site "Bajina basta"]
[Date "2020.10.13"]
[Round "5.1"]
[White "Marcetic, Nikola"]
[Black "Jovcic, Zoran"]
[Result "1/2-1/2"]
[WhiteElo "2329"]
[BlackElo "2140"]
[PlyCount "42"]
[EventDate "2020.10.10"]
[WhiteTeam "POZEGA - Pozega"]
[BlackTeam "KRUSIK - Valjevo"]

1. d4 Nf6 2. Bg5 Ne4 3. Bf4 d5 4. e3 e6 5. Bd3 Nf6 6. Nd2 Bd6 7. Bg3 O-O 8.
Ngf3 c5 9. c3 b6 10. Ne5 Qc7 11. f4 Nc6 12. Bh4 Be7 13. Bxf6 Bxf6 14. Nxc6 Qxc6
15. Nf3 a5 16. h4 Qd6 17. a3 Ba6 18. Ng5 g6 19. Bxa6 Rxa6 20. Nf3 cxd4 21. cxd4
Rc8 1/2-1/2

[Event "PRVA LIGA CS 2020"]
[Site "Bajina basta"]
[Date "2020.10.13"]
[Round "5.2"]
[White "Budisavljevic, Luka"]
[Black "Drenchev, Petar"]
[Result "1-0"]
[WhiteElo "2454"]
[BlackElo "2434"]
[PlyCount "121"]
[EventDate "2020.10.10"]
[WhiteTeam "RUDAR - Kostolac"]
[BlackTeam "ASK - Arandjelovac"]

1. d4 Nf6 2. c4 e6 3. Nc3 Bb4 4. e3 c5 5. Nge2 b6 6. a3 Ba5 7. Rb1 Na6 8. g3
Bb7 9. d5 exd5 10. Bg2 Ne4 11. cxd5 Nxc3 12. bxc3 O-O 13. O-O c4 14. e4 Nc5 15.
Be3 Rc8 16. Nd4 d6 17. Rc1 g6 18. h4 Re8 19. Qc2 Qe7 20. Rce1 a6 21. Bg5 Qf8
22. h5 b5 23. Qd2 Nd3 24. Rb1 Qg7 25. Ne2 Nc5 26. f3 Na4 27. Rbc1 Bb6+ 28. Kh2
Nc5 29. Rc2 Qe5 30. Bh3 Rc7 31. Bf4 Qf6 32. Qd4 Qe7 33. Bh6 Qe5 34. Bf4 Qe7 35.
Rh1 Nd7 36. Qd2 Ne5 37. Bg2 Qf6 38. Rf1 Bc5 39. Bg5 Qg7 40. Ra2 Nd3 41. Nc1
Nxc1 42. Rxc1 Bc8 43. h6 Qh8 44. g4 f5 45. gxf5 gxf5 46. Bh3 Rf7 47. Qg2 Kf8
48. Re2 Bxa3 49. Rce1 Bc5 50. f4 Qxc3 51. e5 dxe5 52. fxe5 f4 53. e6 Qg3+ 54.
Qxg3 fxg3+ 55. Kxg3 Bd6+ 56. Kg2 Rc7 57. Rg1 Bc5 58. Rf1+ Kg8 59. Bf4 Rce7 60.
Kh2 Bd4 61. Bd6 1-0

[Event "PRVA LIGA CS 2020"]
[Site "Bajina basta"]
[Date "2020.10.13"]
[Round "5.2"]
[White "Pikula, Dejan"]
[Black "Maksimovic, Bojan"]
[Result "1/2-1/2"]
[WhiteElo "2421"]
[BlackElo "2398"]
[PlyCount "31"]
[EventDate "2020.10.10"]
[WhiteTeam "ASK - Arandjelovac"]
[BlackTeam "RUDAR - Kostolac"]

1. e4 c5 2. Nf3 Nc6 3. Bb5 g6 4. Bxc6 dxc6 5. d3 Bg7 6. h3 Nf6 7. a4 Nd7 8.
Nbd2 e5 9. Nc4 Qe7 10. O-O b6 11. c3 Ba6 12. Qc2 O-O 13. b4 Bxc4 14. dxc4 cxb4
15. cxb4 Rfd8 16. Bd2 1/2-1/2

[Event "PRVA LIGA CS 2020"]
[Site "Bajina basta"]
[Date "2020.10.13"]
[Round "5.2"]
[White "Jovanovic, Dusan D"]
[Black "Brkljaca, Ante"]
[Result "1/2-1/2"]
[WhiteElo "2412"]
[BlackElo "2266"]
[PlyCount "34"]
[EventDate "2020.10.10"]
[WhiteTeam "RUDAR - Kostolac"]
[BlackTeam "ASK - Arandjelovac"]

1. Nf3 Nf6 2. b3 d6 3. d4 g6 4. Bb2 Bg7 5. g3 c5 6. Bg2 Qa5+ 7. Qd2 Qxd2+ 8.
Nbxd2 Na6 9. O-O O-O 10. dxc5 Nxc5 11. a4 Nfe4 12. Bxg7 Kxg7 13. b4 Nxd2 14.
Nxd2 Ne6 15. c3 Rb8 16. Nb3 Bd7 17. Rfc1 Bc8 1/2-1/2

[Event "PRVA LIGA CS 2020"]
[Site "Bajina basta"]
[Date "2020.10.13"]
[Round "5.2"]
[White "Vojinovic, Luka"]
[Black "Ivanovic, Marko"]
[Result "0-1"]
[WhiteElo "2271"]
[BlackElo "2277"]
[PlyCount "86"]
[EventDate "2020.10.10"]
[WhiteTeam "ASK - Arandjelovac"]
[BlackTeam "RUDAR - Kostolac"]

1. d4 Nf6 2. Nf3 g6 3. e3 Bg7 4. c4 O-O 5. Be2 d6 6. Nc3 Nfd7 7. b4 e5 8. Bb2
f5 9. Qb3 e4 10. c5+ Kh8 11. Nd2 Nf6 12. h4 h5 13. Bc4 Nc6 14. cxd6 cxd6 15. a4
Qe7 16. g3 Kh7 17. Ba3 Bh6 18. Nd5 Qd8 19. Rc1 Nxd5 20. Bxd5 Ne7 21. O-O Nxd5
22. Qxd5 Qe7 23. Qa5 b6 24. Qb5 Rf7 25. Rc3 Be6 26. Rfc1 Raf8 27. Qc6 Rc8 28.
Qb5 Rcf8 29. d5 Bd7 30. Qe2 Rg8 31. b5 g5 32. Qxh5 gxh4 33. Nf1 hxg3 34. Bxd6
gxf2+ 35. Kxf2 Qxd6 36. Qxf7+ Rg7 37. Qh5 f4 38. R1c2 fxe3+ 39. Rxe3 Bg4 40.
Qh1 Rf7+ 41. Kg1 Rxf1+ 42. Kxf1 Qf4+ 43. Rf3 Bxf3 0-1

[Event "PRVA LIGA CS 2020"]
[Site "Bajina basta"]
[Date "2020.10.13"]
[Round "5.2"]
[White "Ivanovic, Lazar"]
[Black "Djordjevic, Nebojsa"]
[Result "1-0"]
[WhiteElo "2108"]
[BlackElo "2255"]
[PlyCount "87"]
[EventDate "2020.10.10"]
[WhiteTeam "ASK - Arandjelovac"]
[BlackTeam "RUDAR - Kostolac"]

1. d4 d5 2. c4 e6 3. cxd5 exd5 4. Nc3 Nf6 5. Bg5 Be7 6. Qc2 c6 7. e3 Nbd7 8.
Bd3 O-O 9. h3 Re8 10. Nf3 Nf8 11. O-O N6d7 12. Bf4 b6 13. Nxd5 Bb7 14. Nc7 Rc8
15. Nxe8 Qxe8 16. Qa4 a6 17. Ne5 b5 18. Qd1 Nf6 19. Rc1 Nd5 20. Bg3 f6 21. e4
Nc7 22. Nxc6 Bxc6 23. Bxc7 Rxc7 24. d5 Bd6 25. Rxc6 Rxc6 26. dxc6 Qxc6 27. Qb3+
Kh8 28. Qd5 Qc7 29. Rd1 Be5 30. Qa8 Qe7 31. Qxa6 b4 32. Bc4 g5 33. Qa8 Kg7 34.
b3 Kh6 35. Qc8 Bd6 36. Qc6 Be5 37. Rd5 Kg7 38. Rb5 Kh6 39. Rb7 Qd8 40. Bd5 g4
41. hxg4 Qa5 42. Qc1+ Kg6 43. Bf7+ Kg7 44. Be8+ 1-0

[Event "PRVA LIGA CS 2020"]
[Site "Bajina basta"]
[Date "2020.10.13"]
[Round "5.3"]
[White "Kojovic, Dragan"]
[Black "Dimitrov, Radoslav"]
[Result "0-1"]
[WhiteElo "2307"]
[BlackElo "2507"]
[PlyCount "128"]
[EventDate "2020.10.10"]
[WhiteTeam "METALAC - G.Milanovac"]
[BlackTeam "VSK 2005 - Valjevo"]

1. e4 c5 2. Nf3 Nc6 3. Bb5 g6 4. O-O Bg7 5. Re1 Nf6 6. e5 Nd5 7. Nc3 Nc7 8.
Bxc6 bxc6 9. d3 O-O 10. Be3 d6 11. exd6 exd6 12. Bg5 f6 13. Be3 g5 14. h3 g4
15. hxg4 Bxg4 16. d4 c4 17. d5 c5 18. Qd2 Bxf3 19. gxf3 Rb8 20. Rab1 Qe8 21.
Bf4 Qg6+ 22. Kf1 f5 23. Nd1 Nb5 24. c3 Qh5 25. Kg2 Rf6 26. Rh1 Qf7 27. a4 Rg6+
28. Kf1 Nd4 29. cxd4 cxd4 30. Rh3 Qxd5 31. Rc1 Qc6 32. Qc2 Rc8 33. Qxf5 Rf8 34.
Qb5 Qxb5 35. axb5 Rxf4 36. Rxc4 h6 37. b3 Rf5 38. Nb2 Rxb5 39. b4 a5 40. Nd3
axb4 41. Rxb4 Rxb4 42. Nxb4 Rg5 43. f4 Rb5 44. Nd3 Kf7 45. Ke2 h5 46. Kf3 Bf6
47. Ke4 h4 48. Rh1 Rb3 49. Rh3 Ke7 50. Kf5 Rb5+ 51. Ke4 Ke6 52. f5+ Kd7 53. Rh1
Rb3 54. Nf4 d3 55. Nd5 Bd8 56. Ne3 d2 57. Kf3 Rb2 58. Rd1 Ra2 59. Ke2 Bg5 60.
Nd5 h3 61. f4 Bh4 62. Nc3 Rc2 63. Kd3 Rxc3+ 64. Kxd2 Ra3 0-1

[Event "PRVA LIGA CS 2020"]
[Site "Bajina basta"]
[Date "2020.10.13"]
[Round "5.3"]
[White "Colovic, Dusan"]
[Black "Radovanovic, Jovica"]
[Result "0-1"]
[WhiteElo "2255"]
[BlackElo "2303"]
[PlyCount "88"]
[EventDate "2020.10.10"]
[WhiteTeam "METALAC - G.Milanovac"]
[BlackTeam "VSK 2005 - Valjevo"]

1. d4 Nf6 2. Nc3 d5 3. Bf4 e6 4. e3 a6 5. Nf3 c5 6. dxc5 Bxc5 7. Bd3 Nc6 8. O-O
Bd6 9. Bg5 h6 10. Bxf6 Qxf6 11. e4 d4 12. Ne2 e5 13. Nd2 O-O 14. Ng3 g6 15. Nc4
Bc7 16. a4 Be6 17. Qd2 Qg5 18. Qe2 h5 19. Nd2 h4 20. Nh1 Rae8 21. Bc4 Bh3 22.
f4 exf4 23. Nf3 d3 24. Nxg5 dxe2 25. Bxe2 Bc8 26. Nf2 Kg7 27. Rfd1 Bb6 28. Bd3
f6 29. Nf3 h3 30. Kf1 hxg2+ 31. Kxg2 Ne5 32. Nxe5 Rxe5 33. Rh1 Bd7 34. Kf3 f5
35. exf5 Bc6+ 36. Be4 Rxe4 37. Nxe4 gxf5 38. Kxf4 fxe4+ 39. Ke5 Bf2 40. Rhg1+
Bxg1 41. Rxg1+ Kh7 42. Rg3 Rf2 43. Rc3 Rxh2 44. b3 Rf2 0-1

[Event "PRVA LIGA CS 2020"]
[Site "Bajina basta"]
[Date "2020.10.13"]
[Round "5.3"]
[White "Zivkovic, Vladislav"]
[Black "Mijatovic, Dusan"]
[Result "1/2-1/2"]
[WhiteElo "2171"]
[BlackElo "2177"]
[PlyCount "106"]
[EventDate "2020.10.10"]
[WhiteTeam "VSK 2005 - Valjevo"]
[BlackTeam "METALAC - G.Milanovac"]

1. c4 Nf6 2. g3 c6 3. Nf3 d5 4. b3 Bg4 5. Bg2 Bxf3 6. Bxf3 e5 7. d3 Bb4+ 8. Bd2
Bc5 9. b4 Bd4 10. Bc3 Qb6 11. Bxd4 Qxd4 12. Nd2 e4 13. dxe4 dxc4 14. a3 Nbd7
15. e3 Qc3 16. Qc1 Qxc1+ 17. Rxc1 b5 18. O-O O-O 19. Be2 a5 20. f4 axb4 21.
axb4 Ra4 22. Rfd1 Rxb4 23. Nf1 Nc5 24. Rd6 Ncxe4 25. Rxc6 Rb2 26. Bf3 h6 27. g4
Nf2 28. Ra1 N2xg4 29. Ra7 Rb1 30. Kg2 Re1 31. e4 Ne3+ 32. Nxe3 Rxe3 33. e5 Ne4
34. Rcc7 Nd2 35. Bd5 Kh8 36. Rxf7 Rxf7 37. Bxf7 g5 38. fxg5 Rxe5 39. gxh6 Rg5+
40. Kh3 c3 41. Rc7 b4 42. Kh4 Nf3+ 43. Kh3 Ne5 44. Be8 Ng6 45. Rc4 Rh5+ 46. Kg3
Rxh6 47. Rxb4 Ne5 48. Rb8 Rd6 49. Rc8 Kg7 50. Rxc3 Rd3+ 51. Rxd3 Nxd3 52. h4
Ne5 53. Kf4 Ng6+ 1/2-1/2

[Event "PRVA LIGA CS 2020"]
[Site "Bajina basta"]
[Date "2020.10.13"]
[Round "5.4"]
[White "Brenjo, Slavisa"]
[Black "Spasic, Petar"]
[Result "1/2-1/2"]
[WhiteElo "2412"]
[BlackElo "2251"]
[PlyCount "65"]
[EventDate "2020.10.10"]
[WhiteTeam "SLOGA - Kraljevo"]
[BlackTeam "RADNIK Surdulica"]

1. e4 c5 2. Nf3 Nc6 3. d4 cxd4 4. Nxd4 Nf6 5. Nc3 e5 6. Ndb5 d6 7. Bg5 a6 8.
Na3 b5 9. Bxf6 gxf6 10. Nd5 Bg7 11. c3 Ne7 12. Nxe7 Qxe7 13. Nc2 O-O 14. Ne3
Be6 15. g3 Bh6 16. Nd5 Bxd5 17. Qxd5 f5 18. exf5 Rac8 19. Rd1 Rfd8 20. Bg2 Rc5
21. Qf3 e4 22. Qg4+ Kh8 23. O-O d5 24. Qh5 Bg7 25. f6 Bxf6 26. b4 Rxc3 27. Rxd5
Rxd5 28. Qxd5 e3 29. fxe3 Qxe3+ 30. Kh1 Rc1 31. Qf5 Rxf1+ 32. Bxf1 Qe5 33. Qxe5
1/2-1/2

[Event "PRVA LIGA CS 2020"]
[Site "Bajina basta"]
[Date "2020.10.13"]
[Round "5.4"]
[White "Djordjevic, Miroslav"]
[Black "Dizdarevic, Emir"]
[Result "0-1"]
[WhiteElo "1885"]
[BlackElo "2444"]
[PlyCount "62"]
[EventDate "2020.10.10"]
[WhiteTeam "RADNIK Surdulica"]
[BlackTeam "SLOGA - Kraljevo"]

1. f4 d5 2. Nf3 g6 3. d3 Bg7 4. c3 b6 5. a4 a5 6. e3 Bb7 7. Be2 Nf6 8. O-O O-O
9. Na3 Nbd7 10. Rb1 Ne8 11. d4 Nd6 12. Nc2 Nf6 13. Ne5 Nfe4 14. Ne1 f6 15. N5f3
Qd7 16. Nd2 e5 17. fxe5 fxe5 18. Nef3 Nxd2 19. Bxd2 e4 20. Ne1 Rxf1+ 21. Bxf1
Rf8 22. b3 Qf7 23. Nc2 Bc8 24. Qe1 h5 25. Na3 Be6 26. Rc1 c5 27. Nb5 Nf5 28. b4
c4 29. bxa5 bxa5 30. Rc2 Bh6 31. g3 Nxe3 0-1

[Event "PRVA LIGA CS 2020"]
[Site "Bajina basta"]
[Date "2020.10.13"]
[Round "5.4"]
[White "Vratonjic, Slobo"]
[Black "Milic, Slobodan"]
[Result "1/2-1/2"]
[WhiteElo "2341"]
[BlackElo "1888"]
[PlyCount "45"]
[EventDate "2020.10.10"]
[WhiteTeam "SLOGA - Kraljevo"]
[BlackTeam "RADNIK Surdulica"]

1. e4 c5 2. Nf3 d6 3. c3 Nf6 4. Be2 Nc6 5. d4 e6 6. Bd3 Qb6 7. Na3 cxd4 8. Nc4
Qc7 9. cxd4 d5 10. exd5 Bb4+ 11. Bd2 Nxd5 12. O-O Bxd2 13. Qxd2 Qf4 14. Qe2
Nxd4 15. Nxd4 Qxd4 16. Nd6+ Kf8 17. Be4 Nf4 18. Qd1 Qxd1 19. Rfxd1 Ke7 20. Nxb7
Rb8 21. Na5 Rxb2 22. Nc6+ Kf6 23. Bf3 1/2-1/2

[Event "PRVA LIGA CS 2020"]
[Site "Bajina basta"]
[Date "2020.10.13"]
[Round "5.4"]
[White "Ravic, Nenad"]
[Black "Dimitrijevic, Zoran"]
[Result "1/2-1/2"]
[WhiteElo "2241"]
[BlackElo "2088"]
[PlyCount "40"]
[EventDate "2020.10.10"]
[WhiteTeam "SLOGA - Kraljevo"]
[BlackTeam "RADNIK Surdulica"]

1. e4 c6 2. d4 d5 3. e5 Bf5 4. c4 e6 5. Nc3 Nd7 6. cxd5 exd5 7. Bd3 Bxd3 8.
Qxd3 g6 9. Nf3 Bh6 10. h4 Bxc1 11. Rxc1 Qe7 12. h5 Nf8 13. hxg6 fxg6 14. Nh4
Qg5 15. Ne2 Ne7 16. Qh3 h5 17. Nf3 Qh6 18. g4 Ne6 19. Qg3 O-O-O 20. g5 Qf8
1/2-1/2

[Event "PRVA LIGA CS 2020"]
[Site "Bajina basta"]
[Date "2020.10.13"]
[Round "5.4"]
[White "Veselinov, Ivica"]
[Black "Djakovac, Enes"]
[Result "1/2-1/2"]
[WhiteElo "1836"]
[BlackElo "2165"]
[PlyCount "60"]
[EventDate "2020.10.10"]
[WhiteTeam "RADNIK Surdulica"]
[BlackTeam "SLOGA - Kraljevo"]

1. e4 e5 2. Nf3 Nc6 3. Bc4 Be7 4. O-O d6 5. h3 Nf6 6. Re1 Be6 7. Bb5 O-O 8. c3
a6 9. Ba4 b5 10. Bc2 Qc8 11. a3 Ne8 12. d4 Bd7 13. Bb3 Bf6 14. Be3 Na5 15. Bc2
Nc4 16. Bc1 c5 17. d5 a5 18. Nbd2 Nxd2 19. Bxd2 Nc7 20. Nh2 g6 21. Bh6 Bg7 22.
Qd2 f6 23. Bxg7 Kxg7 24. Re3 Rf7 25. Rg3 Qh8 26. Rf1 h5 27. f4 Qh6 28. Rgf3 Re8
29. Qf2 exf4 30. Rxf4 Qg5 1/2-1/2

[Event "PRVA LIGA CS 2020"]
[Site "Bajina basta"]
[Date "2020.10.13"]
[Round "5.5"]
[White "Narancic, Vlado"]
[Black "Delchev, Aleksander"]
[Result "1/2-1/2"]
[WhiteElo "2281"]
[BlackElo "2548"]
[PlyCount "35"]
[EventDate "2020.10.10"]
[WhiteTeam "VSK SVETI NIKOLAJ SRPSKI - Valjevo"]
[BlackTeam "RADNICKI VODOVOD - Kragujevac"]

1. Nf3 d5 2. g3 Nd7 3. Bg2 e5 4. d3 Ngf6 5. c3 Bd6 6. Qc2 O-O 7. Nbd2 a5 8. O-O
c6 9. e4 Re8 10. Re1 a4 11. Rb1 dxe4 12. dxe4 b5 13. b4 c5 14. a3 Nb6 15. Bf1
cxb4 16. cxb4 Bd7 17. Qd3 Qe7 18. Bb2 1/2-1/2

[Event "PRVA LIGA CS 2020"]
[Site "Bajina basta"]
[Date "2020.10.13"]
[Round "5.5"]
[White "Radovanovic, Mihajlo"]
[Black "Djoric, Dusan"]
[Result "1-0"]
[WhiteElo "2457"]
[BlackElo "2303"]
[PlyCount "77"]
[EventDate "2020.10.10"]
[WhiteTeam "RADNICKI VODOVOD - Kragujevac"]
[BlackTeam "VSK SVETI NIKOLAJ SRPSKI - Valjevo"]

1. Nf3 c5 2. e4 d6 3. g3 Nf6 4. d3 g6 5. Bg2 Nc6 6. O-O Bg7 7. h3 O-O 8. Nc3
Nd4 9. Nxd4 cxd4 10. Ne2 Qb6 11. a4 a5 12. c3 dxc3 13. bxc3 e5 14. Be3 Qc7 15.
f4 Nd7 16. f5 gxf5 17. exf5 h6 18. c4 Nf6 19. Nc3 e4 20. dxe4 Qxc4 21. Rc1 Qb4
22. Rf4 Qa3 23. Rh4 h5 24. g4 Nxe4 25. Bxe4 Bxc3 26. Rxh5 Bf6 27. Qf3 Re8 28.
g5 Bd4 29. Bxd4 Qxc1+ 30. Qf1 Qxf1+ 31. Kxf1 Re5 32. Bxe5 dxe5 33. f6 Be6 34.
Bh7+ Kf8 35. Bf5 Kg8 36. Bxe6 fxe6 37. Rh6 b5 38. g6 bxa4 39. Rh7 1-0

[Event "PRVA LIGA CS 2020"]
[Site "Bajina basta"]
[Date "2020.10.13"]
[Round "5.5"]
[White "Radovic, Janko"]
[Black "Popovic, Nenad"]
[Result "1-0"]
[WhiteElo "2433"]
[BlackElo "2249"]
[PlyCount "73"]
[EventDate "2020.10.10"]
[WhiteTeam "RADNICKI VODOVOD - Kragujevac"]
[BlackTeam "VSK SVETI NIKOLAJ SRPSKI - Valjevo"]

1. e4 c6 2. d4 d5 3. e5 Bf5 4. h4 h5 5. Bg5 Qc7 6. c4 dxc4 7. Bxc4 e6 8. Nc3
Nd7 9. Nf3 Ne7 10. O-O Nb6 11. Bd3 Bxd3 12. Qxd3 Nf5 13. Rac1 Qd7 14. Ne4 Be7
15. Bxe7 Qxe7 16. g3 O-O-O 17. Nc5 Rd5 18. Qa3 Kb8 19. Qb4 Rhd8 20. Rfd1 f6 21.
a4 Ka8 22. a5 Nc8 23. Re1 Nxd4 24. Nxd4 Rxd4 25. Qb3 fxe5 26. a6 b6 27. Nxe6
Rd3 28. Qc4 R8d6 29. Rxe5 Rd1+ 30. Rxd1 Rxd1+ 31. Kg2 Rd6 32. Qe4 Kb8 33. Nf4
Qc7 34. Rxh5 b5 35. b4 Qb6 36. Rh8 Qxa6 37. Qe5 1-0

[Event "PRVA LIGA CS 2020"]
[Site "Bajina basta"]
[Date "2020.10.13"]
[Round "5.6"]
[White "Celik, Hasan Huseyin"]
[Black "Dudin, Gleb"]
[Result "1-0"]
[WhiteElo "1970"]
[BlackElo "2386"]
[PlyCount "133"]
[EventDate "2020.10.10"]
[WhiteTeam "BORAC - Cacak"]
[BlackTeam "OSK PARACIN - Paracin"]

1. d4 Nf6 2. Bg5 e6 3. e4 h6 4. Bxf6 Qxf6 5. c3 d6 6. Bd3 c5 7. Nf3 Nc6 8. O-O
Qd8 9. Nbd2 g6 10. dxc5 dxc5 11. Qe2 Bg7 12. Rad1 Qc7 13. Rfe1 O-O 14. e5 b6
15. h4 h5 16. Nf1 Bb7 17. N3h2 Rad8 18. g4 Rxd3 19. Rxd3 Ba6 20. gxh5 gxh5 21.
Rd7 Qxd7 22. Qxa6 Qd5 23. Qe2 Rd8 24. Qe3 Qd3 25. Qf4 Ne7 26. Kh1 Qf5 27. Qa4
Ng6 28. Qxa7 Bh6 29. Qxb6 Rd3 30. Qc6 Bf4 31. Qe4 Qxe4+ 32. Rxe4 Bxh2 33. Nxh2
Rd2 34. b4 Rxa2 35. bxc5 Ra5 36. Nf3 Rxc5 37. c4 Kg7 38. Kg2 f5 39. exf6+ Kxf6
40. Nd2 Ra5 41. Nf1 e5 42. Ne3 Nf4+ 43. Kf3 Nd3 44. Nd5+ Kf5 45. Re3 Nc5 46.
Ne7+ Kf6 47. Nc6 Ra1 48. Rxe5 Ra3+ 49. Kg2 Nd7 50. Rxh5 Rc3 51. Rh6+ Kf5 52.
Nd4+ Ke5 53. Nf3+ Kf5 54. Rd6 Nf8 55. Rd5+ Kf6 56. Nd2 Ke6 57. Rd4 Ke5 58. Re4+
Kf5 59. Re3 Rc2 60. Rf3+ Kg4 61. Rxf8 Rxd2 62. c5 Rc2 63. Rc8 Kxh4 64. c6 Kg5
65. c7 Kf6 66. Rf8+ Ke7 67. c8=Q 1-0

[Event "PRVA LIGA CS 2020"]
[Site "Bajina basta"]
[Date "2020.10.13"]
[Round "5.6"]
[White "Jevtic, Sasa"]
[Black "Novoselski, Zoran"]
[Result "1/2-1/2"]
[WhiteElo "2279"]
[BlackElo "2318"]
[PlyCount "21"]
[EventDate "2020.10.10"]
[WhiteTeam "OSK PARACIN - Paracin"]
[BlackTeam "BORAC - Cacak"]

1. e4 Nf6 2. e5 Nd5 3. d4 d6 4. Nf3 Bg4 5. h3 Bh5 6. c4 Nb6 7. exd6 cxd6 8. Nc3
e6 9. Be2 Be7 10. b3 O-O 11. O-O 1/2-1/2

[Event "PRVA LIGA CS 2020"]
[Site "Bajina basta"]
[Date "2020.10.13"]
[Round "5.6"]
[White "Gavrilovic, Leonardo"]
[Black "Topalov, Aleksandar"]
[Result "1/2-1/2"]
[WhiteElo "2246"]
[BlackElo "2228"]
[PlyCount "28"]
[EventDate "2020.10.10"]
[WhiteTeam "BORAC - Cacak"]
[BlackTeam "OSK PARACIN - Paracin"]

1. Nf3 Nf6 2. c4 c5 3. Nc3 g6 4. e4 Bg7 5. d4 cxd4 6. Nxd4 O-O 7. Be3 d6 8. Be2
Nc6 9. O-O Nxd4 10. Bxd4 Bd7 11. f4 Bc6 12. Bf3 Nd7 13. Kh1 Bxd4 14. Qxd4 Qb6
1/2-1/2